000 00502nam a2200157 i 4500
001 93536
003 ES-MaACL
005 20230906181243.0
007 t|
008 050413s1939 mr ||||1| spa d
100 1 _aLópez, José María.
_973343
245 1 3 _aLa Orden Franciscana en la asistencia de los cristianos cautivos en Marruecos /
_cpor el Rvdo. P. José María López O. F. M.
260 _aLarache :
_bBoscá,
_c1939.
300 _a57 p. ;
_c34 cm.
852 _aES-MaACL
_j1722-F-12
_bR.19015
999 _c93536
_d93536